The Gods of the Egyptians, or studies in Egyptian Mythology.
Saved in:
| Hovedforfatter: | |
|---|---|
| Format: | Bog |
| Sprog: | engelsk |
| Udgivet: |
London, England, United Kingdom
Methuen and Co., 36 Essex street W.C.
1904
|
| Fag: | |
| Tags: |
Tilføj Tag
Ingen Tags, Vær først til at tagge denne postø!
|
MARC
| LEADER | 00000nam a2200000 a 4500 | ||
|---|---|---|---|
| 001 | UCJ6846 | ||
| 003 | CL-VaPUC | ||
| 005 | 20240611105639.0 | ||
| 008 | 070124e19040000UK |||||||||||||||||eng|d | ||
| 999 | |c 322948 |d 322946 | ||
| 040 | |c Pontificia Universidad Católica de Valparaíso | ||
| 082 | 0 | 4 | |a 932 BUD 1904 |2 21 |
| 100 | |a Wallis Budge, Ernest Alfred |9 516815 | ||
| 245 | 1 | 4 | |a The Gods of the Egyptians, or studies in Egyptian Mythology. |
| 246 | |b By E. A. Wallis Budge, M.A., Litt.D., D.Litt., D.Lit. Keeper of the Eyptian and Assyrian Antiquities in the British museum. With 98 coloured plates and 181 illustrations in the text. Volume I, II | ||
| 260 | 0 | 3 | |a London, England, United Kingdom |b Methuen and Co., 36 Essex street W.C. |c 1904 |
| 300 | |a 2 v | ||
| 500 | |a 8°, tela.- Plancha dorada.- Ilustraciones conforme a lo señalado en índice.- Ex Libris de J. G. Hodgson | ||
| 583 | |a last modification |c 20130712 06:48:27 |k Rodrigo Vera | ||
| 650 | 0 | |a Arqueología |9 265619 | |
| 650 | 0 | |a Religión |9 255164 | |
| 650 | 0 | |a Mitología |9 255719 | |
| 650 | 0 | |a Ilustraciones |9 369481 | |
| 650 | 7 | |a JEROGLIFICOS |2 CL-VaPUC |9 265779 | |
| 650 | 7 | |a EX LIBRIS |2 CL-VaPUC |9 505186 | |
| 651 | 0 | |a Egipto |9 268199 | |
| 942 | |c BK |2 ddc | ||
| 945 | |d 20070124 00:00:00 |a rinostro | ||
| 952 | |0 0 |1 0 |4 0 |6 932_000000000000000_BUD_1904 |7 0 |8 X |9 402129 |a FDOBUD |b FDOBUD |d 2019-11-22 |h v.1 |i 1053795 |o 932 BUD 1904 |p 1053795 |r 2019-11-22 |t 1 |w 2019-11-22 |y BK_X |k BUD | ||
| 952 | |0 0 |1 0 |4 0 |6 932_000000000000000_BUD_1904 |7 0 |8 X |9 402130 |a FDOBUD |b FDOBUD |d 2019-11-22 |h v.2 |i 1053809 |o 932 BUD 1904 |p 1053809 |r 2019-11-22 |t 1 |w 2019-11-22 |y BK_X |k BUD | ||